Tục cưới xin của dân tộc Tày
Trình bày những nét văn hoá đẹp trong tục cưới xin, lễ cưới hỏi của dân tộc Tày ở Việt Nam và một số lời thơ quan lang, pả mẻ (hát đưa dâu)
Đã lưu trong:
| Hovedforfatter: | |
|---|---|
| Andre forfattere: | |
| Format: | Bog |
| Sprog: | Vietnamese |
| Udgivet: |
H.
Đại học Quốc gia Hà Nội
2010
|
| Fag: | |
| Tags: |
Tilføj Tag
Ingen Tags, Vær først til at tagge denne postø!
|
| Thư viện lưu trữ: | Mạng thư viện Đại học Đà Nẵng |
|---|
| LEADER | 01219aam a22003498a 4500 | ||
|---|---|---|---|
| 001 | 000006992 | ||
| 003 | 3152 | ||
| 005 | 20110926090950.0 | ||
| 008 | 110926s2010 viesd | ||
| 020 | |d 2000b | ||
| 041 | 0 | |a vie | |
| 082 | 1 | 4 | |2 14 |a 392.509597 |b T506C |
| 100 | 0 | |a Triều Ân | |
| 245 | 1 | 0 | |a Tục cưới xin của dân tộc Tày |c Triều Ân, Hoàng Quyết |
| 260 | |a H. |b Đại học Quốc gia Hà Nội |c 2010 | ||
| 300 | |a 216tr. |c 21cm | ||
| 500 | |a ĐTTS ghi: Hội Văn nghệ Dân gian Việt Nam | ||
| 520 | |a Trình bày những nét văn hoá đẹp trong tục cưới xin, lễ cưới hỏi của dân tộc Tày ở Việt Nam và một số lời thơ quan lang, pả mẻ (hát đưa dâu) | ||
| 546 | |a Chính văn bằng 2 thứ tiếng: Việt - Tày | ||
| 650 | 7 | |2 Bộ TK TVQG |a Phong tục cổ truyền | |
| 650 | 7 | |2 Bộ TK TVQG |a Dân tộc Tày | |
| 650 | 7 | |2 Bộ TK TVQG |a Hôn lễ | |
| 651 | 7 | |2 Bộ TK TVQG |a Việt Nam | |
| 700 | 1 | |a Hoàng Quyết | |
| OWN | |a LSP | ||
| 999 | |a From the UDN01 | ||
| TYP | |a Monograph | ||
| TYP | |a Printed language | ||
| 980 | |a Mạng thư viện Đại học Đà Nẵng | ||